000 00675nam a2200193 a 4500
001 000023444
005 20200930022226.0
008 101208s1990 sp r 000 0 spa d
020 _a8487201083
040 _aDO-SdBNP
_bspa
_cBNPHU
082 _aNNN
_bR263ce
100 1 _aRay, Sondra
_944722
245 1 0 _aCelebrando la repiración :
_b(Renacimiento, libro II) : o cómo sobrevivir a todo y sanar tu cuerpo /
_cSondra Ray ; traducción, Montserrat Synyer.
260 _aMadrid :
_bNeo Person,
_c1990.
300 _a183, [1] p. ;
_c21 cm.
500 _aIncluye datos del autor en la solapa de la contracubierta
700 1 _aSunyer, Montserrat
_etr.
_948312
049 _aBNGR
999 _c22940
_d22940